Diritto, linguaggio, realtà: saggi sul realismo giuridico

Guardado en:
Detalles Bibliográficos
Autor principal: Castignone, Silvana (Autor)
Formato: Libro
Lenguaje:italiano
Publicado: Turín G. Giappichelli 1995
Colección:MultiVersum, 14
Materias:
Etiquetas: Agregar Etiqueta
Sin Etiquetas, Sea el primero en etiquetar este registro!

MARC

LEADER 00000nam a2200000 a 4500
001 UCO0423
003 CL-VaPUC
008 000420e19950000IT |||||||||||||||||ita|d
082 0 4 |a 340.11  |b CAS  |2 21 
100 0 |a Castignone, Silvana  |e author  |9 441691 
245 1 0 |a Diritto, linguaggio, realtà: saggi sul realismo giuridico 
300 |a 411 p 
942 |c BK 
945 |d 20000420 00:00:00  |a vberengu 
260 |a Turín  |b G. Giappichelli  |c 1995 
650 7 |a LINGUISTICA JURIDICA  |2 CL-VaPUC  |9 257369 
650 7 |a EXPERIENCIA JURIDICA  |2 CL-VaPUC  |9 397622 
650 0 |a Normas jurídicas  |9 258310 
583 |a last modification  |c 20161027 10:52:51  |k Rodrigo Vera 
490 0 |a MultiVersum, 14 
999 |c 287131  |d 287129 
952 |0 0  |1 0  |4 0  |6 340_110000000000000_CAS_1995  |7 0  |8 DER_TF  |9 333563  |a BIBDER  |b BIBDER  |d 2019-11-20  |i 3591867  |l 1  |o 340.11 CAS 1995  |p 3591867  |r 2023-01-25  |s 2020-03-18  |w 2019-11-20  |x Ubicación 4to Piso  |y BK  |z Estos recursos deben solicitarse con anticipación  |k DER